| 000 | 00555nam a2200169 a 4500 | ||
|---|---|---|---|
| 001 | 1821 | ||
| 003 | CDMR | ||
| 005 | 20130313114050.0 | ||
| 008 | 130130s1996||||||||||||||||||||||||||||d | ||
| 020 | _a8486812550 | ||
| 040 |
_aCDMR _bcat _cCPC GIRONA |
||
| 100 | 1 |
_aMarquès, Enric _91361 |
|
| 245 | 1 | 2 |
_aL'art, la ciutat i el món _cEnric Marquès ; introducció i selecció a cura de Narcís-Jordi Aragó i Josep Clara ; il.lustracions d'Enric Marquès |
| 260 |
_c1996 _bDiputació de Girona _aGirona |
||
| 490 | 0 |
_aCol·lecció Josep Pla _v7 |
|
| 942 |
_cMON _2udc |
||
| 999 |
_c1821 _d1821 |
||